<?xml version="1.0" encoding="UTF-8"?>
<marc:record xmlns:marc="http://www.loc.gov/MARC21/slim">
   <marc:leader>00000nam a2200000 a 4500</marc:leader>
   <marc:datafield ind1="1" ind2=" " tag="100">
      <marc:subfield code="a">Raven, Lynn</marc:subfield>
      <marc:subfield code="4">aut</marc:subfield>
      <marc:subfield code="e">Verfasser/-in</marc:subfield>
   </marc:datafield>
   <marc:datafield ind1="0" ind2="0" tag="245">
      <marc:subfield code="a">Der Kuss des Kjer</marc:subfield>
   </marc:datafield>
   <marc:datafield ind1="0" ind2="0" tag="245">
      <marc:subfield code="c">Lynn Raven</marc:subfield>
   </marc:datafield>
   <marc:datafield ind1=" " ind2="1" tag="264">
      <marc:subfield code="a">München</marc:subfield>
      <marc:subfield code="b">cbt</marc:subfield>
      <marc:subfield code="c">2010</marc:subfield>
   </marc:datafield>
   <marc:datafield ind1="1" ind2=" " tag="490">
      <marc:subfield code="a">C.-Bertelsmann-Taschenbuch</marc:subfield>
      <marc:subfield code="v">30489 : cbt Fantasy</marc:subfield>
   </marc:datafield>
   <marc:datafield ind1=" " ind2=" " tag="250">
      <marc:subfield code="a">Orig.-Ausg., 1. Aufl.</marc:subfield>
   </marc:datafield>
   <marc:datafield ind1="1" ind2=" " tag="520">
      <marc:subfield code="a">Angaben aus der Verlagsmeldung

Der Kuss des Kjer / von Lynn Raven

Achtung Suchtgefahr! Der neue Fantasyschmöker von Bestsellerautorin Lynn Raven. &lt;br /&gt;
&lt;br /&gt;Mit einem Trick bringt Mordan, der erste Heerführer der kriegerischen Kjer, die junge Heilerin Lijanas vom Volk der Nivard in seine Gewalt. Im Auftrag seines Königs Haffren will er die Heilerin und ein zauberkräftiges Elixier, die »Tränen der weißen Schlange«, an den Hof bringen. &lt;br /&gt;Lijanas aber hat nur einen Gedanken: Flucht! Doch je näher sie den als »Blutwolf« verschrienen Mordan kennenlernt, desto stärker fühlt sie sich zu ihm hingezogen. Und er sich ebenso zu ihr. Er setzt alles dran, sie sicher an den Hof seines Königs zu bringen. Dort erwartet sie jedoch eine tödliche Überraschung …&lt;br /&gt;
&lt;br /&gt;
</marc:subfield>
   </marc:datafield>
   <marc:datafield ind1=" " ind2=" " tag="020">
      <marc:subfield code="a">9783570304891</marc:subfield>
      <marc:subfield code="9">9783570304891</marc:subfield>
   </marc:datafield>
   <marc:datafield ind1=" " ind2=" " tag="041">
      <marc:subfield code="a">ger</marc:subfield>
   </marc:datafield>
   <marc:datafield ind1=" " ind2=" " tag="300">
      <marc:subfield code="a">608 S.</marc:subfield>
   </marc:datafield>
</marc:record>
